Материалы XXXII научно-технической конференции : (Record no. 358534)
[ view plain ]
| 000 -LEADER | |
|---|---|
| fixed length control field | 00899nam a2200217 a 4500 |
| 001 - CONTROL NUMBER | |
| control field | 001114183 |
| 003 - CONTROL NUMBER IDENTIFIER | |
| control field | AM-YeHGA |
| 005 - DATE AND TIME OF LATEST TRANSACTION | |
| control field | 20250617151820.0 |
| 008 - FIXED-LENGTH DATA ELEMENTS--GENERAL INFORMATION | |
| fixed length control field | 151118s1969 ||| r 000 0 rus d |
| 040 ## - CATALOGING SOURCE | |
| Original cataloging agency | AM-YeHGA |
| 041 0# - LANGUAGE CODE | |
| Language code of text/sound track or separate title | rus |
| 090 ## - LOCALLY ASSIGNED LC-TYPE CALL NUMBER (OCLC); LOCAL CALL NUMBER (RLIN) | |
| -- | 360359 |
| 245 00 - TITLE STATEMENT | |
| Title | Материалы XXXII научно-технической конференции : |
| Remainder of title | Секции автоматики и телемеханики и теоретической механики. |
| 260 ## - PUBLICATION, DISTRIBUTION, ETC. | |
| Place of publication, distribution, etc. | Саратов : |
| Name of publisher, distributor, etc. | СПИ, |
| Date of publication, distribution, etc. | 1969. |
| 300 ## - PHYSICAL DESCRIPTION | |
| Extent | 92 с. : |
| Other physical details | ил. |
| 504 ## - BIBLIOGRAPHY, ETC. NOTE | |
| Bibliography, etc. note | Библиогр. в конце ст. |
| 550 ## - ISSUING BODY NOTE | |
| Issuing body note | Сарат. политехн. ин-т |
| 653 0# - INDEX TERM--UNCONTROLLED | |
| Uncontrolled term | Автоматика - Тезисы докладов |
| 653 0# - INDEX TERM--UNCONTROLLED | |
| Uncontrolled term | Телемеханика - Тезисы докладов |
| 711 2# - ADDED ENTRY--MEETING NAME | |
| Meeting name or jurisdiction name as entry element | Научно-техническая конференция |
| Number of part/section/meeting | (32; |
| Date of meeting or treaty signing | 1969; |
| Location of meeting | Саратов) |
| Withdrawn status | Lost status | Damaged status | Not for loan | Collection | Home library | Current library | Date acquired | Total checkouts | Full call number | Barcode | Date last seen | Price effective from | Koha item type | Public note |
|---|---|---|---|---|---|---|---|---|---|---|---|---|---|---|
| General | Fundamental Scientific Library | Fundamental Scientific Library | 11/01/2017 | PIII/30892 | FL0365664 | 11/01/2017 | 11/01/2017 | Գրքեր / Books | 30 Days Loan |
ՀՀ Գիտությունների ազգային ակադեմիայի հիմնարար գիտական գրադարան = Fundamental Scientific Library of NAS RA
All site content, except where otherwise noted, is licensed under a